000 00380nam a2200157Ia 4500
008 230917s9999||||xx |||||||||||||| ||und||
040 _e108237
_aMAIN
041 _aEnglish
082 _a658 R534F
100 _aRobbins, Stephen P
245 0 _aFundamental of management
250 _a3rd ed.
260 _aDelhi
_bPearson Education
_c2002
300 _a468p p.
942 _cBK
999 _c123216
_d123216